| 000 | 00857nam a22001935i 4500 | ||
|---|---|---|---|
| 001 | 162701 | ||
| 003 | ES-MaACL | ||
| 005 | 20230906212601.0 | ||
| 008 | 000920s1897 sp |||| | spa d | ||
| 040 |
_aCCPB | B _bspa _cCCPB | B |
||
| 100 | 1 |
_aPuig y Valls, Rafael. _9131419 |
|
| 245 | 1 | 3 |
_aLa asociación y la cooperación en el campo / _cpor Rafael Puig y Valls. |
| 260 |
_aBarcelona : _b[s.n.], _c1897 ( _fTipografía Española) |
||
| 300 |
_a42 p. ; _c23 cm. |
||
| 505 | 8 | _aContiene: I. Estado de la agricultura española. II. Proyecto de asociación rural. III. Importancia política y económica de los sindicatos | |
| 650 | 4 |
_aAsociaciones agrarias. _9135640 |
|
| 650 | 4 |
_aCooperativismo. _911357 |
|
| 852 |
_aES-MaACL _jT-803-F-10 _z-- Enc. hol., conservando la enc. original _z-- Ded. del autor al Ateneo de Madrid _z-- Enc. en un vol. facticio |
||
| 999 |
_c162701 _d162701 |
||